01015nam a22002295i 4500001000700000003000900007005001700016008004100033040002000074080001500094110007200109245010500181260008000286300004200366500003900408650003700447650002700484852012200511942001900633999001900652952011400671163493ES-MaACL20250726063043.0040922q1900 sp |||| | spa d aCAM bspa cCAM a655.24/.282 aFundición Tipográfica de Richard Gans (Madrid) ‌eisb913481810aMuestrario de caracteres y útiles de imprenta de la Fundición Tipográfica Richard Gans, Madrid aMadrid : b[s.n., cca. 1900] f(Fundición Tipográfica de Richard Gans) a1 volumen : bilustraciones ; c25 cm aDatos tomados de la cub. cromolit. 7aTipos de imprenta2embne9147448 7aImprenta2embne913605 aES-MaACLcDEPO2fEx-libris ms. de Rufino IglesiasjF-1320 xEnc. editorial en tela: "F.A. Barthel, grabador, Leipzig" 2udccMONANTn0 c163493d163493 00102udc40708LIBXIXaATENEOMbATENEOMcDEPO2d2008-01-17l0oF-1320p1171324r2023-02-23 00:00:00yMONANT